| 000 | 00369 a2200109 4500 | ||
|---|---|---|---|
| 001 | ART_41750 | ||
| 005 | 20260410161806.0 | ||
| 008 | 260409a | ||
| 245 | 1 | 0 | _a¿Es posible una ley uniforme a lo largo del orbe que regule la insolvencia? |
| 100 | 1 | _aBarreiro, Marcelo G. | |
| 773 | 0 |
_tDoctrina Societaria y Concursal _g- Nº 305 (abr. 2013) _wREV4298 |
|
| 999 |
_c20989 _d20989 |
||